000
00308nam a2200133Ia 4500
008
230917s9999||||xx |||||||||||||| ||und||
040
_e
153066
_a
MAIN
041
_a
English
082
_a
294.6 C349S
100
_a
Chakladar, H.C.
245
0
_a
Shri Guru Granth Sahib ji
300
_a
150p p.
942
_c
BK
999
_c
196300
_d
196300